000 00548nam a2200217Ia 4500
003 GCL
008 140319s9999 xx 000 0 eng d
040 _aGCL /
_cGCL
082 0 4 _a371.93
_bC E
100 1 _aCOOPER,PAUL
245 1 0 _aEMOTIONAL AND BEHAVIORAL DIFFICULTIES /
_cCOOPER,PAUL
700 1 _aSMITH, C.J.
700 1 _aUPTON, GRAHAM
260 _a[S.N] :
_bROUTLEDGE ،
_c1994
300 _a210
650 0 4 _aPROBLEM CHILDREN
650 0 4 _aBEHAVIOUR
650 0 4 _aCLASSROOM MANAGEMENT
650 0 4 _aEDUCATION
942 _2ddc
_cBK
999 _c19191
_d19191